000 01373nam0a2200313 4500
001 RU\NLR\bibl\469902
005 20260406163143.0
010 _a5-94643-0118-1
_bПушк. б-ка
010 _a5-17-011760-4
_910000
_bАСТ
021 _aRU
_b2003-57508
_92811
035 _a(NLR Aleph) 000463150
090 _a946671
_c946671
100 _a20031208d2003 |||y0rusy50 ca
101 1 _arus
_ceng
102 _aRU
105 _ay |||||||||
200 1 _aШпион
_aПоследний из могикан
_e[Романы]
_fДжеймс Фенимор Купер
_g[Пер. с англ. Э.А. Березиной и др.
_gВступ. ст. Е.П. Зыковой
_gПримеч. А.В. Ващенко]
210 _aМ.
_cАСТ
_cПушк. б-ка
_d2003
215 _a811, [2] с.
_d22
225 1 _aЗолотой фонд мировой классики
_fСост. К.Н. Атарова, А.Я. Ливергант
_fРедкол.: Аверинцев Сергей Сергеевич и др.
320 _aБиблиогр. в подстроч. примеч.
686 _aШ6(7США)57-440.4{Лх1976-45}
700 1 _4070
_8rus
_7ca
_aКупер
_bД. Ф.
_f1789-1851
_gДжеймс Фенимор
_3RU\NLR\auth\779931
_9119723
801 0 _aRU
_bNLR
_c20031208
_gPSBO
801 1 _aRU
_bNLR
_c20031208
942 _cBOOK
980 _aNB